000 00676nam a22001697a 4500
999 _c10267
_d10267
008 180809b ||||| |||| 00| 0 eng d
082 _22017
_aUT 1011
_bM73
100 _930279
_aMoncada, Fletz Jewel R.
245 _aHow smart are your smartphones? the apps of smartphones in aid of learning english language/
_cFletz Jewel R. Moncada, Anna Mae C. Betidos and Charmine V. Manait.
260 _aDigos City:
_bUMDC
_cNovember 2017.
300 _a49 pages;
_b30 cm.
650 0 _930284
_aEducation.
_vEnglish
_xUndergraduate thesis.
700 _930285
_aMoncada, Fletz Jewel R.
700 _930287
_aBetidos, Anna Mae C.
700 _930288
_aManait, Charmine V.
942 _2ddc
_cUT